Child labour and education (Record no. 6228)

MARC details
000 -LEADER
fixed length control field 00487cam a2200205ua 4500
001 - CONTROL NUMBER
control field 7106
005 - DATE AND TIME OF LATEST TRANSACTION
control field 20260515114144.0
008 - FIXED-LENGTH DATA ELEMENTS--GENERAL INFORMATION
fixed length control field 141126n ii |||gr||||Z||||||eng
020 ## - INTERNATIONAL STANDARD BOOK NUMBER
International Standard Book Number 8183560644
040 ## - CATALOGING SOURCE
Transcribing agency MAIN
041 ## - LANGUAGE CODE
Language code of text/sound track or separate title eng
082 ## - DEWEY DECIMAL CLASSIFICATION NUMBER
Classification number 331
100 ## - MAIN ENTRY--PERSONAL NAME
Personal name Narasaiah, M. Lakshmi,
Relator term Author.
245 1# - TITLE STATEMENT
Title Child labour and education
Statement of responsibility, etc. By M. Lakshmi Narasaiah
250 ## - EDITION STATEMENT
Edition statement 1st.
260 ## - PUBLICATION, DISTRIBUTION, ETC.
Place of publication, distribution, etc. New Delhi:
Name of publisher, distributor, etc. DPH,
Date of publication, distribution, etc. 2006.
300 ## - PHYSICAL DESCRIPTION
Extent v,163p.
653 ## - INDEX TERM--UNCONTROLLED
Uncontrolled term Child Labour
942 ## - ADDED ENTRY ELEMENTS (KOHA)
Koha item type Books
Holdings
Withdrawn status Lost status Damaged status Not for loan Home library Current library Shelving location Date acquired Total checkouts Full call number Barcode Date last seen Copy number Price effective from Koha item type
        Naharkatiya College Library Naharkatiya College Library General stacks 09/19/2020   331.31 | NAR 22210 09/19/2020 1 09/19/2020 Books